000 00719nam a2200205Ia 4500
003 GCL
008 140319s9999 xx 000 0 ara d
020 _a2465287977
040 _aGCL /
_cGCL
082 0 4 _a070.435
_bح ص
100 1 _aحسنين شفيق
245 1 0 _aصحافة وكالات الانباء :
_bرحلة الخبر من المراسل الى القارىء /
_cحسنين شفيق
260 _aالقاهرة :
_bدار الكتب العلمية للنشر والتوزيع ،
_c2005
300 _a283 ص ؛
_c25 سم
650 0 4 _aالصحافة العربية
650 0 4 _aوكالات الانباء
650 0 4 _aالصحف
650 0 4 _aالصحافة - تحرير
942 _2ddc
_cBK
999 _c44631
_d44631